"Prijmem zamestnanca, zn. nakrátko" (Ako riešiť dočasnú potrebu pracovnej sily)

Ako si poradiť v prípadoch dočasnej potreby pracovnej sily. Dočasné zamestnávanie zamestnancov alias personálny lízing. Požičiavanie zamestnancov prostredníctvom personálnej agentúry. Požičiavanie zamestnancov medzi zamestnávateľmi navzájom. Vzory zmlúv. Zamestnanie zamestnanca na určitú dobu. Zames...

Ausführliche Beschreibung

Gespeichert in:
Bibliographische Detailangaben
1. Verfasser: Chorvátová, Janka
Format: Buchkapitel
Sprache:Slowakisch
Schlagworte:
Tags: Tag hinzufügen
Keine Tags, Fügen Sie das erste Tag hinzu!

MARC

LEADER 00000naa$a2200000$$$4500
001 0116058
005 20231109100736.6
041 0 |a slo 
044 |a SK 
245 1 0 |a "Prijmem zamestnanca, zn. nakrátko" (Ako riešiť dočasnú potrebu pracovnej sily)  |c Janka Chorvátová 
520 |a Ako si poradiť v prípadoch dočasnej potreby pracovnej sily. Dočasné zamestnávanie zamestnancov alias personálny lízing. Požičiavanie zamestnancov prostredníctvom personálnej agentúry. Požičiavanie zamestnancov medzi zamestnávateľmi navzájom. Vzory zmlúv. Zamestnanie zamestnanca na určitú dobu. Zamestnanie zamestnanca na kratší pracovný čas. Uzatvorenie obchodnej zmluvy s pracovníkom. 
610 2 0 |a sily pracovné 
610 2 0 |a zamestnanci 
610 2 0 |a zamestnávatelia 
610 2 0 |a práca 
610 2 0 |a lízing personálny 
610 2 0 |a čas pracovný 
610 2 0 |a právo pracovné 
100 1 |a Chorvátová, Janka